[Event "County"]
[Site "?"]
[Date "1983.??.??"]
[Round "?"]
[White "Headlong, Tim"]
[Black "Brameld, Arthur F"]
[Result "1/2-1/2"]
[WhiteElo "2085"]
[BlackElo "2200"]
[PlyCount "37"]
[GameId "427367047119"]
[EventDate "1983.??.??"]
[EventType "simul"]
[EventRounds "4"]

1. e4 Nf6 2. e5 Nd5 3. d4 d6 4. Nf3 g6 5. Bc4 Nb6 6. Bb3 Bg7 7. Ng5 d5 8. f4 f6 9. Nf3 Nc6 10. c3 Bg4 11. O-O Qd7 12. h3 Bxf3 13. Rxf3 O-O-O 14. Bc2 Rhf8 15. Nd2 g5 16. Nb3 Na4 17. Nd2 Nb6 18. Nb3 Na4 19. Nd2 1/2-1/2

[Event "County"]
[Site "?"]
[Date "1983.??.??"]
[Round "?"]
[White "Brameld, Arthur F"]
[Black "Wheeler, George"]
[Result "1/2-1/2"]
[WhiteElo "2200"]
[BlackElo "2125"]
[PlyCount "84"]
[GameId "427367047125"]
[EventDate "1983.??.??"]
[EventType "simul"]
[EventRounds "4"]

1. d4 f5 2. g3 e6 3. Bg2 Nf6 4. c4 Be7 5. Nc3 O-O 6. Nh3 d6 7. O-O Qe8 8. e4 fxe4 9. Nxe4 e5 10. dxe5 dxe5 11. Nhg5 Nc6 12. Nxf6+ Bxf6 13. Ne4 Be6 14. Qb3 Rb8 15. Nxf6+ Rxf6 16. Be3 b6 17. Qc3 Bg4 18. Rfe1 Qh5 19. c5 b5 20. a4 b4 21. Qc4+ Kh8 22. Rac1 a5 23. Rc2 Rd8 24. Qb5 Bf3 25. Bxf3 Qxf3 26. Qe2 Qf5 27. Rd2 Rdf8 28. Red1 h5 29. h4 Qg6 30. Qd3 e4 31. Qd5 Re8 32. Qg5 Qh7 33. Rd5 Kg8 34. Qxh5 Qxh5 35. Rxh5 Ne5 36. Kg2 c6 37. Bd4 Rfe6 38. Rg5 R8e7 39. Bxe5 Rxe5 40. Rd6 e3 41. Rxe5 Rxe5 42. fxe3 Rxc5 1/2-1/2

[Event "County"]
[Site "?"]
[Date "1983.??.??"]
[Round "?"]
[White "Brameld, Arthur F"]
[Black "Gregory, R W"]
[Result "1-0"]
[WhiteElo "2220"]
[BlackElo "1925"]
[PlyCount "71"]
[GameId "427367047161"]
[EventDate "1983.??.??"]
[EventType "simul"]
[EventRounds "4"]

1. e4 c5 2. Nf3 d6 3. d4 cxd4 4. Qxd4 Bd7 5. c4 Nc6 6. Qd2 Nf6 7. Nc3 g6 8. b3 Bg7 9. Bb2 O-O 10. Be2 Qa5 11. Rb1 a6 12. a3 Rac8 13. b4 Qc7 14. h3 e6 15. O-O Rfd8 16. Rfd1 Ne7 17. Rbc1 Bc6 18. Bd3 Qb8 19. Qe3 b6 20. b5 axb5 21. cxb5 Be8 22. Na4 Nd7 23. Bxg7 Kxg7 24. Qd4+ Kg8 25. Bf1 Rxc1 26. Rxc1 Nc5 27. Nxc5 dxc5 28. Qf6 Qc7 29. Ne5 Rd4 30. Ng4 h5 31. Nh6+ Kh7 32. Qxd4 Qf4 33. Qe3 Qxe3 34. fxe3 Kxh6 35. Rd1 Ng8 36. Rd8 1-0

[Event "County"]
[Site "?"]
[Date "1983.??.??"]
[Round "?"]
[White "Brameld, Arthur F"]
[Black "Popham, S."]
[Result "1-0"]
[WhiteElo "2220"]
[BlackElo "2040"]
[PlyCount "58"]
[GameId "427367047165"]
[EventDate "1983.??.??"]
[EventType "simul"]
[EventRounds "4"]

1. e4 c5 2. Nf3 Nc6 3. b4 Nxb4 4. c3 Nc6 5. d4 cxd4 6. cxd4 e6 7. d5 Qf6 8. dxc6 Qxa1 9. Qb3 bxc6 10. e5 a5 11. Bd3 a4 12. Qc2 Ba6 13. Bxa6 Rxa6 14. O-O a3 15. Qb3 Bc5 16. Nxa3 Rb6 17. Qc4 d6 18. exd6 Bxd6 19. Bf4 Qxf1+ 20. Kxf1 Bxa3 21. Qd3 Bb4 22. Ne5 Nf6 23. Nc4 Rb7 24. a3 Rd7 25. Qb3 Be7 26. Ne5 Rd8 27. Nxc6 Rc8 28. Qb7 Rxc6 29. Qxc6+ Kf8 1-0

[Event "County"]
[Site "?"]
[Date "1984.??.??"]
[Round "?"]
[White "Shutler, S."]
[Black "Brameld, Arthur F"]
[Result "1/2-1/2"]
[WhiteElo "2180"]
[BlackElo "2220"]
[PlyCount "61"]
[GameId "427367047177"]
[EventDate "1984.??.??"]
[EventType "match"]
[EventRounds "5"]

1. e4 Nf6 2. e5 Nd5 3. Nc3 Nxc3 4. dxc3 d5 5. exd6 cxd6 6. Bc4 Nc6 7. Nf3 g6 8. Be3 Bg7 9. h4 h5 10. Qd2 Bg4 11. Ng5 e6 12. f3 Bf5 13. O-O-O d5 14. Be2 Qa5 15. a3 Qa4 16. Rhg1 Rd8 17. g4 hxg4 18. fxg4 d4 19. cxd4 Bxd4 20. gxf5 Bxb2+ 21. Kxb2 Rxd2 22. Rxd2 Rxh4 23. fxe6 Rb4+ 24. Ka2 fxe6 25. Nxe6 Rc4 26. Nc7+ Kf8 27. Bxc4 Qxc4+ 28. Kb2 Ne5 29. Bh6+ Kg8 30. Rd8+ Kf7 31. Rf8+ 1/2-1/2

[Event "County"]
[Site "?"]
[Date "1984.??.??"]
[Round "?"]
[White "Brameld, Arthur F"]
[Black "Wheeler, George"]
[Result "1/2-1/2"]
[WhiteElo "2220"]
[BlackElo "2085"]
[PlyCount "33"]
[GameId "427367047191"]
[EventDate "1984.??.??"]
[EventType "match"]
[EventRounds "5"]

1. e4 c5 2. Nf3 e6 3. d4 cxd4 4. Nxd4 Nf6 5. Nc3 Nc6 6. Be3 Bb4 7. Bd3 Qa5 8. O-O Nxd4 9. Bxd4 e5 10. a3 exd4 11. axb4 Qxb4 12. e5 dxc3 13. exf6 cxb2 14. Re1+ Kf8 15. fxg7+ Kxg7 16. Qh5 bxa1=Q 17. Qg5+ 1/2-1/2

[Event "County"]
[Site "?"]
[Date "1984.??.??"]
[Round "?"]
[White "Singh, P."]
[Black "Brameld, Arthur F"]
[Result "1/2-1/2"]
[WhiteElo "2240"]
[BlackElo "2220"]
[PlyCount "87"]
[GameId "427367047210"]
[EventDate "1984.??.??"]
[EventType "match"]
[EventRounds "5"]

1. e4 Nf6 2. e5 Nd5 3. d4 d6 4. c4 Nb6 5. exd6 cxd6 6. Nc3 g6 7. Be3 Bg7 8. Rc1 O-O 9. Nf3 Bg4 10. b3 Nc6 11. Be2 d5 12. c5 Nc8 13. h3 Bxf3 14. Bxf3 e6 15. Qd2 N8e7 16. g4 Qa5 17. Bg2 Qb4 18. Ne2 a5 19. Rc2 a4 20. bxa4 Rxa4 21. O-O Nxd4 22. Nxd4 Bxd4 23. Bxd4 Qxd4 24. Qxd4 Rxd4 25. Rb1 Rc8 26. Rxb7 Nc6 27. Bf1 Kg7 28. Ba6 Rd1+ 29. Kg2 Nd4 30. Rc3 Rc6 31. Bf1 e5 32. Rb6 Rxb6 33. cxb6 Rb1 34. Rc5 Rxb6 35. Rxd5 f6 36. Rd7+ Kh6 37. Bc4 Ne6 38. h4 Rc6 39. Bb3 Nf4+ 40. Kf3 Ne6 41. Ke4 Ra6 42. Kd5 Nf4+ 43. Kc5 Ra8 44. Kd6 1/2-1/2

[Event "County"]
[Site "?"]
[Date "1985.??.??"]
[Round "?"]
[White "Shutler, S."]
[Black "Brameld, Arthur F"]
[Result "0-1"]
[WhiteElo "2110"]
[BlackElo "2220"]
[PlyCount "85"]
[GameId "427367047217"]
[EventDate "1985.??.??"]
[EventType "simul"]
[EventRounds "5"]

1. e4 Nf6 2. e5 Nd5 3. c4 Nb6 4. c5 Nd5 5. d4 e6 6. Nf3 b6 7. cxb6 axb6 8. Bc4 Ba6 9. Bxa6 Rxa6 10. O-O Nc6 11. Nc3 Nxc3 12. bxc3 d5 13. exd6 Qxd6 14. Qe2 Ra7 15. d5 Qxd5 16. Rd1 Qf5 17. Qc4 Bc5 18. Nd4 Nxd4 19. cxd4 Bd6 20. Qc6+ Ke7 21. d5 Qh5 22. Be3 Rxa2 23. Bg5+ f6 24. Bf4 e5 25. Be3 Rha8 26. Rac1 Qg4 27. Re1 Qa4 28. g3 Qxc6 29. dxc6 Rb2 30. Kg2 Raa2 31. Red1 Rc2 32. g4 Rxc1 33. Rxc1 Rb2 34. h4 Rb5 35. Kf3 Ke6 36. h5 g6 37. h6 g5 38. Ra1 Ra5 39. Rd1 Ra6 40. Ke4 b5 41. Rb1 b4 42. Rc1 Bf8 43. Rd1 0-1

[Event "County"]
[Site "?"]
[Date "1985.??.??"]
[Round "?"]
[White "Brameld, Arthur F"]
[Black "Beaumont, Chris"]
[Result "1/2-1/2"]
[WhiteElo "2220"]
[BlackElo "2245"]
[PlyCount "33"]
[GameId "427367047228"]
[EventDate "1985.??.??"]
[EventType "simul"]
[EventRounds "5"]

1. e4 d6 2. d4 Nf6 3. Nc3 g6 4. f4 Bg7 5. Bd3 Nc6 6. Nf3 Bg4 7. e5 dxe5 8. dxe5 Nd5 9. h3 Nxc3 10. bxc3 Be6 11. O-O Qd5 12. Qe2 Qc5+ 13. Be3 Qxc3 14. Ng5 Bd5 15. Bd2 Qc5+ 16. Be3 Qc3 17. Bd2 1/2-1/2

[Event "County"]
[Site "?"]
[Date "1985.??.??"]
[Round "?"]
[White "Brameld, Arthur F"]
[Black "Jackson, Oliver"]
[Result "1/2-1/2"]
[WhiteElo "2220"]
[BlackElo "2160"]
[PlyCount "57"]
[GameId "427367047232"]
[EventDate "1985.??.??"]
[EventType "simul"]
[EventRounds "5"]

1. e4 c5 2. Nf3 e6 3. Nc3 a6 4. d4 cxd4 5. Nxd4 Qc7 6. g3 Bb4 7. Nde2 Nf6 8. Bg2 Be7 9. O-O d6 10. h3 Nbd7 11. Kh2 Nc5 12. f4 Bd7 13. Nd4 O-O-O 14. a4 d5 15. exd5 exd5 16. Re1 Bd6 17. b4 Nce4 18. Nxd5 Nxd5 19. Bxe4 Nc3 20. Qf3 Nxe4 21. Rxe4 Rhe8 22. b5 Bc5 23. Nb3 Bb6 24. c4 Bf5 25. Rxe8 Rxe8 26. c5 Bxc5 27. Nxc5 Qxc5 28. Bd2 Be4 29. Qc3 1/2-1/2

[Event "County"]
[Site "?"]
[Date "1985.??.??"]
[Round "?"]
[White "Brameld, Arthur F"]
[Black "Sacqui, D."]
[Result "1-0"]
[WhiteElo "2255"]
[BlackElo "2135"]
[PlyCount "86"]
[GameId "427367047243"]
[EventDate "1985.??.??"]
[EventType "simul"]
[EventRounds "5"]

1. e4 e6 2. d4 d5 3. Nc3 Bb4 4. Nge2 c5 5. a3 Bxc3+ 6. Nxc3 cxd4 7. Qxd4 Qf6 8. e5 Qg6 9. Nb5 Nc6 10. Qf4 Kd8 11. Be3 Nh6 12. Bd3 Qg4 13. h3 Qxf4 14. Bxf4 Ng8 15. O-O-O f6 16. Rhe1 fxe5 17. Bxe5 Nxe5 18. Rxe5 Nf6 19. Nd4 Ke7 20. Rde1 Re8 21. Nxe6 Kd6 22. Ng5 Rf8 23. Nf3 Bd7 24. R5e2 Nh5 25. Rd2 Bxh3 26. gxh3 Rxf3 27. Be4 Rxh3 28. Rxd5+ Kc7 29. Bf5 Nf6 30. Rc5+ Kd6 31. b4 b6 32. Re6+ Kd7 33. Rxf6+ Ke7 34. Re6+ Kf8 35. Bxh3 bxc5 36. b5 Kf7 37. Rc6 g5 38. Rxc5 Kg6 39. Bg4 Rf8 40. Rc6+ Kg7 41. f3 Rh8 42. Rc7+ Kg6 43. Rc6+ Kg7 1-0

[Event "County"]
[Site "?"]
[Date "1985.??.??"]
[Round "?"]
[White "Freeman, Michael J"]
[Black "Brameld, Arthur F"]
[Result "0-1"]
[WhiteElo "2240"]
[BlackElo "2255"]
[PlyCount "56"]
[GameId "427367047245"]
[EventDate "1985.??.??"]
[EventType "simul"]
[EventRounds "5"]

1. d4 Nf6 2. c4 e6 3. Nc3 Bb4 4. e3 b6 5. Nge2 Ba6 6. a3 Bxc3+ 7. Nxc3 d5 8. b3 O-O 9. Bb2 c5 10. dxc5 dxc4 11. Qf3 Nbd7 12. Rd1 bxc5 13. Bxc4 Bxc4 14. bxc4 Qb6 15. Ba1 Qb3 16. O-O Ne5 17. Qg3 Ng6 18. f4 Qxc4 19. f5 exf5 20. Rxf5 Rad8 21. Rxd8 Rxd8 22. Qc7 Re8 23. Nd5 Qe4 24. Qxc5 Nxd5 25. Qxd5 Qxe3+ 26. Rf2 Nf4 27. Qc4 Qe1+ 28. Rf1 Ne2+ 0-1

[Event "County"]
[Site "?"]
[Date "1984.??.??"]
[Round "?"]
[White "Martinez, F."]
[Black "Brameld, Arthur F"]
[Result "0-1"]
[WhiteElo "2045"]
[BlackElo "2220"]
[PlyCount "92"]
[GameId "427367047185"]
[EventDate "1984.??.??"]
[EventType "match"]
[EventRounds "5"]

1. e4 Nf6 2. e5 Nd5 3. d4 d6 4. Bc4 Nb6 5. Bb3 dxe5 6. Qf3 e6 7. dxe5 Nc6 8. Bf4 Nd4 9. Qe4 Nxb3 10. axb3 Qd5 11. Nc3 Qxe4+ 12. Nxe4 Bd7 13. Ne2 Bc6 14. N2c3 Nd5 15. Nxd5 Bxd5 16. f3 Bxe4 17. fxe4 Bc5 18. O-O-O a5 19. c3 h6 20. Kc2 Ke7 21. Rd3 Rhd8 22. Rhd1 Rxd3 23. Rxd3 Rd8 24. Rxd8 Kxd8 25. Kd3 Kd7 26. h4 h5 27. Bg5 Bf2 28. Kc4 Bg3 29. Kd4 b6 30. b4 axb4 31. cxb4 c6 32. b5 c5+ 33. Kc4 Bxe5 34. b4 cxb4 35. Be3 Kc7 36. Bf2 Bd6 37. Bd4 f6 38. Bf2 Bc5 39. Bg3+ e5 40. Be1 g6 41. Bg3 Kd7 42. Be1 Ke6 43. Bd2 f5 44. exf5+ gxf5 45. Bg5 f4 46. Bd8 e4 0-1

[Event "BCF Open Quarter Final"]
[Site "Eastleigh, Southampton"]
[Date "2005.05.22"]
[Round "?"]
[White "Stuart, Graham"]
[Black "Sedgwick, D."]
[Result "1/2-1/2"]
[Annotator "Graham Stuart"]
[WhiteElo "141"]
[BlackElo "171"]
[PlyCount "43"]
[GameId "324153403438"]
[EventDate "2005.05.22"]
[EventType "game"]
[EventCountry "ENG"]
[WhiteTeam "Hampshire"]
[BlackTeam "Surrey"]

1. e4 e6 2. d4 d5 3. Nc3 Nf6 4. e5 Nfd7 5. f4 c5 6. Nf3 Nc6 7. Be3 cxd4 8. Nxd4 Nxd4 9. Bxd4 Bc5 10. Nb5 (10. Qd2) 10... O-O 11. Bxc5 Nxc5 12. Qd4 Ne4 13. O-O-O Qh4 14. Bd3 (14. g3) 14... Qxf4+ 15. Kb1 f5 16. exf6 Qxf6 17. Bxe4 Qxd4 18. Rxd4 dxe4 19. Nc7 $5 Rb8 20. Rxe4 Bd7 21. Nxe6 Rf2 22. Rg1 {Good result - even with extra pawn still even position.} 1/2-1/2

[Event "BCF Quarter Final"]
[Site "?"]
[Date "2004.04.25"]
[Round "?.7"]
[White "Clissold, J."]
[Black "Stuart, Graham"]
[Result "1/2-1/2"]
[Annotator "Graham Stuart"]
[WhiteElo "136"]
[BlackElo "138"]
[PlyCount "106"]
[GameId "323351776473"]
[EventDate "2004.04.25"]
[EventType "game"]
[WhiteTeam "Gr Manchester"]
[BlackTeam "Hampshire"]

1. d4 Nf6 2. c4 g6 3. Nc3 Bg7 4. e4 d6 5. Nf3 O-O 6. Be2 e5 7. O-O Nc6 8. d5 Ne7 9. Ne1 Ne8 10. Be3 f5 11. f3 Nf6 (11... f4 12. Bf2 h5) 12. b4 f4 13. Bf2 g5 14. c5 h5 (14... Ng6 15. cxd6 cxd6 16. Rc1 Rf7) 15. Rc1 h4 $2 (15... Ng6) 16. cxd6 cxd6 17. Nb5 b6 18. Rc7 a6 19. Ra7 Rxa7 20. Nxa7 b5 21. a4 g4 22. Nxc8 Qxc8 23. Bxh4 Ng6 24. Bf2 g3 25. hxg3 fxg3 26. Bxg3 $18 Nh5 27. Bh2 Qc3 28. axb5 axb5 29. Nd3 Bh6 {Draw offered} 30. Kh1 Ngf4 31. Nxf4 (31. g3) 31... Bxf4 32. g3 Bd2 33. Bxb5 Qxb4 34. Be2 Rc8 35. Qb1 Qc3 36. Qd3 Qxd3 37. Bxd3 Rc3 38. Be2 Re3 39. Rf2 Be1 40. Rg2 Bxg3 41. Bxg3 Rxe2 42. Bh4+ Rxg2 43. Kxg2 Kf7 44. Kh3 Nf4+ 45. Kg4 Ne2 46. Bg5 Nd4 47. Be3 Nb5 48. f4 exf4 49. Bxf4 Kf6 50. Bg5+ $2 (50. Kf3) 50... Ke5 51. Kf3 Kd4 (51... Nd4+ 52. Ke3 Nc2+) 52. Kf4 Nc7 (52... Nc3 {Almost played this.}) 53. Bf6+ Kc5 1/2-1/2

[Event "BCF Quarter Final U150"]
[Site "?"]
[Date "2003.05.18"]
[Round "?"]
[White "Stuart, Graham"]
[Black "Litchfield, M."]
[Result "1/2-1/2"]
[Annotator "Graham Stuart"]
[WhiteElo "144"]
[BlackElo "137"]
[PlyCount "47"]
[GameId "263080167419"]
[EventDate "2003.05.18"]
[EventType "match"]
[WhiteTeam "Hampshire"]

1. e4 {Board 7} d6 2. d4 Nf6 3. Nc3 Nbd7 4. Nf3 e5 5. Bc4 Be7 6. Bxf7+ $2 (6. O-O) 6... Kxf7 7. Ng5+ Kg8 8. Ne6 Qe8 9. Nxc7 Qg6 10. Nxa8 Qxg2 11. Rf1 exd4 12. Qxd4 Ne5 13. f3 Nfg4 14. Qd5+ Nf7 15. Bf4 $2 (15. Qc4) 15... Bh4+ 16. Bg3 Ne3 17. Rf2 Bxg3 18. hxg3 Qg1+ 19. Ke2 Qxa1 20. Kxe3 Qc1+ 21. Rd2 Qg1+ 22. Rf2 Qxg3 23. Ne2 Qg5+ 24. Nf4 (24. Qxg5 Nxg5 25. Nc3 $14) 1/2-1/2

[Event "BCF Semi Final U150"]
[Site "?"]
[Date "2003.07.05"]
[Round "?"]
[White "Stuart, Graham"]
[Black "Tinton, B."]
[Result "0-1"]
[Annotator "Graham Stuart"]
[WhiteElo "144"]
[BlackElo "137"]
[PlyCount "40"]
[GameId "263080167575"]
[EventDate "2003.07.05"]
[EventType "match"]
[WhiteTeam "Hampshire"]
[BlackTeam "Lancs"]

1. e4 e6 2. d4 d5 3. Nc3 Bb4 4. e5 c5 5. a3 Ba5 6. Qg4 g6 $2 7. b4 (7. Bb5+) 7... cxb4 8. axb4 Bxb4 9. Bd2 Nc6 10. Bd3 Bd7 11. Nge2 a6 12. h4 f5 13. exf6 Nxf6 14. Bxg6+ $2 (14. Qg5) 14... Ke7 15. Bg5 hxg6 16. h5 Rxh5 17. Rxh5 gxh5 18. Qxh5 Qh8 19. Qf3 Rf8 20. Kd2 Ke8 0-1

[Event "Chiltern League"]
[Site "?"]
[Date "2002.01.19"]
[Round "?"]
[White "Stuart, Graham"]
[Black "Hutchins, D."]
[Result "1/2-1/2"]
[Annotator "Graham Stuart"]
[WhiteElo "144"]
[BlackElo "109"]
[PlyCount "63"]
[GameId "334580515611"]
[EventDate "2002.01.19"]
[EventType "game"]
[WhiteTeam "Hampshire"]
[BlackTeam "Oxfordshire"]

1. e4 e5 2. Nf3 Nc6 3. Bb5 a6 4. Ba4 Nf6 5. O-O Bc5 6. Nxe5 Nxe5 7. d4 O-O 8. Nc3 Qe7 9. Bg5 Ng6 10. dxc5 h6 11. Nd5 Qxe4 12. Bxf6 Qxa4 13. Nxc7 Rb8 14. Bc3 b6 15. b3 Qe4 16. Re1 Qc6 17. Qd4 f6 18. cxb6 Rxb6 19. Qd5+ Kh8 20. Qxc6 Rxc6 21. Nd5 a5 22. Bxa5 {Moves wrong, but final position correct} Re6 23. Ne7 Nf4 24. Re4 Ne2+ 25. Rxe2 Rxe2 26. Ng6+ Kg8 27. Nxf8 Kxf8 28. b4 d5 29. Bb6 Bd7 30. a4 Bxa4 31. g3 Bb5 32. Ra8+ 1/2-1/2

[Event "Chiltern League"]
[Site "?"]
[Date "2001.12.01"]
[Round "?"]
[White "Brown, RA."]
[Black "Stuart, Graham"]
[Result "1/2-1/2"]
[Annotator "Graham Stuart"]
[WhiteElo "124"]
[BlackElo "144"]
[PlyCount "102"]
[GameId "333781537509"]
[EventDate "2001.12.01"]
[EventType "game"]
[WhiteTeam "Berkshire"]
[BlackTeam "Hampshire"]

1. Nf3 Nf6 2. b3 g6 3. Bb2 Bg7 4. e3 d6 5. d4 O-O 6. Be2 Nbd7 7. O-O c5 8. Nbd2 a6 9. c4 b6 10. Qc2 Bb7 11. d5 e6 12. dxe6 fxe6 13. Rad1 Qe7 14. Ne1 Rf7 15. Bf3 Bxf3 (15... d5 16. cxd5 exd5 17. Nc4 Qe6 18. Nd3 $11) 16. Ndxf3 Ne8 17. Bxg7 Nxg7 18. Qd2 Ne8 19. Nc2 Rd8 20. Nce1 Qf6 21. Qc2 Qf5 22. Qxf5 Rxf5 23. Nd2 Ne5 24. Ndf3 b5 $2 (24... Nd7) (24... Nxf3+ 25. Nxf3 Nf6 26. Nd2) 25. Nxe5 Rxe5 26. Nd3 Rf5 27. cxb5 $2 (27. e4 Rf7 28. Nxc5) 27... axb5 28. e4 Rf6 $2 (28... Rh5) 29. Nxc5 Rc8 30. Nd3 Rc2 31. Nb4 Re2 32. f3 g5 33. Rf2 Re3 34. h3 h5 35. Nc2 Rc3 36. Na3 b4 37. Nc4 e5 38. Rfd2 g4 39. hxg4 hxg4 40. fxg4 Rg3 41. Nxd6 Nxd6 42. Rxd6 Rxd6 43. Rxd6 Rxg4 44. Rd2 Rxe4 45. g3 Kg7 46. Kf2 Kf6 47. Re2 Rd4 (47... Rxe2+ $4 48. Kxe2) 48. Ke3 Kf5 49. Kf2 e4 50. Ke3 Rd3+ 51. Kf2 Rd4 1/2-1/2

[Event "Chiltern League"]
[Site "?"]
[Date "2021.12.11"]
[Round "?.8"]
[White "Neatherway, PA."]
[Black "Stuart, Graham"]
[Result "1-0"]
[Annotator "Graham Stuart"]
[WhiteElo "1794"]
[BlackElo "1767"]
[PlyCount "77"]
[GameId "421383504100"]
[EventType "game"]
[WhiteTeam "Oxfordshire"]
[BlackTeam "Hampshire"]

1. e4 e6 2. d4 d5 3. Nc3 Nf6 4. Bg5 dxe4 5. Nxe4 Be7 6. Bxf6 gxf6 7. Nf3 f5 8. Ng3 (8. Nc3 {My prep was on this line.}) 8... b6 {I go wrong straight away!} (8... c5 9. Bb5+ (9. dxc5 Qa5+ 10. c3 Qxc5 11. Be2 Bd7 (11... Nd7 12. O-O Nf6 13. Qc2 Bd7 14. Rfe1 O-O-O 15. Bf1 Bd6 16. b4 Qc7 17. Qb2 (17. Rac1 h5 18. Bd3 Ng4 19. b5)) 12. Qd2 Bc6 13. b4 Qb6) 9... Bd7 $14) 9. Ne5 Bb7 $2 (9... O-O 10. Nh5) 10. Qh5 O-O 11. O-O-O f6 $4 (11... Nd7 12. Bb5 Nf6 13. Qg5+ Kh8 14. Nh5 Ne8 15. Qd2 Bg5 16. f4) 12. Nf3 Qe8 13. Qxe8 Rxe8 14. Bc4 Bf8 15. Nxf5 b5 $2 16. Bxb5 Nc6 17. Ng3 a6 18. Ba4 Rad8 19. Rhe1 Re7 20. Bb3 Bc8 21. a3 Kh8 22. c3 Ree8 23. Nh5 f5 24. Ne5 Nxe5 25. dxe5 Bh6+ 26. Kb1 Bg5 27. f4 Be7 28. Kc1 Rxd1+ 29. Rxd1 Rd8 30. Rxd8+ Bxd8 31. Bc4 c5 32. b4 Bb6 33. Kd2 Kg8 34. Nf6+ Kh8 35. Ne8 Bd7 36. Nd6 a5 37. bxa5 Bxa5 38. Nf7+ Kg7 39. Ng5 1-0

[Event "Chiltern League 2002 2003"]
[Site "?"]
[Date "2003.01.04"]
[Round "?"]
[White "Foot, B."]
[Black "Stuart, Graham"]
[Result "1-0"]
[Annotator "Graham Stuart"]
[WhiteElo "132"]
[BlackElo "144"]
[PlyCount "79"]
[GameId "261834974714"]
[EventDate "2002.12.07"]
[EventType "team-match"]
[WhiteTeam "Bucks"]
[BlackTeam "Hampshire"]

1. e4 e6 2. d4 d5 3. e5 c5 4. c3 Nc6 5. Nf3 Bd7 6. Bd3 Rc8 7. O-O cxd4 8. cxd4 Nb4 9. Nc3 Nxd3 10. Qxd3 a6 11. a3 Ne7 12. b4 Qc7 13. Bd2 Qc4 $15 14. Qb1 Nf5 15. Rc1 Nxd4 16. Nxd4 Qxd4 17. Be3 Qxe5 18. Ne2 Rc4 19. Rxc4 dxc4 20. Qa2 b5 21. Rd1 Bc6 22. Bf4 Qe4 (22... Qf6) 23. f3 Qg6 24. Qd2 Be7 25. Bd6 Bd5 $2 (25... Qg5) 26. Bxe7 Kxe7 27. Qd4 (27. Qe3) 27... Rd8 28. Qa7+ Kf6 $2 (28... Rd7 29. Qc5+ Kd8 30. Qb6+ Kc8) 29. Qc7 Re8 30. Qd7 {Black fighting for the draw now.} Re7 (30... Qc2) 31. Qd6 Qg5 32. Nf4 Bxf3 33. Rf1 Qe5 34. Nh5+ Qxh5 35. Rxf3+ Kg6 36. Qxe7 Qe5 37. Rg3+ Kh5 38. Qxf7+ Kh4 39. Rh3+ Kg4 40. Qf3+ 1-0

[Event "Chiltern League 2002 2003"]
[Site "?"]
[Date "2002.12.07"]
[Round "?"]
[White "Stuart, Graham"]
[Black "Pitts, J."]
[Result "1/2-1/2"]
[Annotator "Graham Stuart"]
[WhiteElo "144"]
[BlackElo "126"]
[PlyCount "39"]
[GameId "261834332682"]
[EventDate "2002.12.07"]
[EventType "team-match"]
[WhiteTeam "Hampshire"]
[BlackTeam "Berkshire"]

1. e4 e5 2. Nf3 Nc6 3. Bb5 a6 4. Ba4 b5 5. Bb3 Bc5 6. O-O Nf6 7. Nxe5 (7. a4) 7... Nxe5 8. d4 Bxd4 9. Qxd4 d6 10. Bg5 (10. f4) 10... h6 11. Bxf6 Qxf6 12. Qe3 Be6 13. Nc3 O-O 14. Rad1 Nc4 15. Bxc4 Bxc4 16. Rfe1 b4 {draw offered} 17. e5 dxe5 18. Ne4 (18. Nd5) 18... Qc6 19. b3 Be6 20. c4 1/2-1/2

[Event "Chiltern League 2002 2003"]
[Site "?"]
[Date "2003.01.07"]
[Round "?"]
[White "Stuart, Graham"]
[Black "Dixon, R."]
[Result "0-1"]
[Annotator "Graham Stuart"]
[WhiteElo "144"]
[BlackElo "145"]
[PlyCount "77"]
[GameId "261835665887"]
[EventDate "2002.12.07"]
[EventType "team-match"]
[WhiteTeam "Hampshire"]
[BlackTeam "Bucks"]

1. e4 c5 2. d4 cxd4 3. c3 dxc3 4. Nxc3 Nc6 5. Bc4 e6 6. Nf3 d6 7. O-O Nf6 8. Qe2 Be7 9. Rd1 e5 10. h3 a6 11. Be3 O-O 12. Rac1 Bd7 13. Bb3 Rc8 14. Na4 b5 15. Bb6 (15. Nb6) 15... Qe8 16. Nc3 Be6 17. Nd5 Bxd5 18. exd5 Nb8 19. Be3 Qd7 20. a3 Qb7 21. Ng5 Nbd7 22. Bc2 Nc5 23. b4 Ncd7 24. Qd3 g6 25. f4 h6 $2 (25... exf4) 26. Ne6 $4 (26. Nxf7 Rxf7 27. Qxg6+ Rg7 28. Qxh6 Bf8 29. Qh4) 26... e4 27. Qd4 fxe6 28. dxe6 Rc4 29. Qd2 Nb6 30. f5 Nfd5 31. Bxh6 Rxf5 32. Qe2 Rh5 33. Bd2 Nf6 34. Rf1 d5 35. Bb3 Rxc1 36. Rxc1 Nc4 37. Bc3 Qb6+ 38. Kh1 Qxe6 39. Qf1 0-1

[Event "Chiltern League 2021 2022"]
[Site "?"]
[Date "2022.02.05"]
[Round "?.8"]
[White "Kamath, G."]
[Black "Stuart, Graham"]
[Result "0-1"]
[Annotator "Graham Stuart"]
[WhiteElo "1863"]
[BlackElo "1760"]
[PlyCount "90"]
[GameId "426045382480"]
[EventDate "2022.03.06"]
[EventType "team"]
[WhiteTeam "Berkshire"]
[BlackTeam "Hampshire"]

1. d4 Nf6 2. c4 g6 3. Nc3 Bg7 4. e4 d6 5. Nf3 O-O 6. Bd3 Nc6 (6... e5 7. d5 (7. dxe5 dxe5 8. Nxe5 Nxe4 9. Nxe4 (9. Nxf7 $4 Nxc3 10. Nh6+ (10. Nxd8 Nxd1)) 9... Bxe5 10. Bg5 Qd4) 7... a5 (7... Nbd7 8. O-O Nc5 9. Bc2)) 7. h3 e5 8. d5 Ne7 (8... Nd4) 9. Be3 Nh5 10. g4 Nf4 11. Bxf4 exf4 12. Qd2 h6 (12... c6) 13. Qxf4 g5 14. Qd2 (14. Qe3 Ng6 15. O-O-O Re8 16. Rdg1 Qf6) 14... Ng6 15. O-O-O Qf6 16. Be2 Re8 $1 $11 17. Rdf1 {(55)} (17. Qe3 Nf4 18. Rd2 Ng2 19. Qd3 Nf4 20. Qe3 Bd7) 17... Qf4 $15 {(40)} 18. Ne1 Bxc3 (18... b5 $1 19. cxb5 Bxc3 20. bxc3 Rxe4 21. Bd3 (21. Qxf4 Nxf4 22. Bf3 Ra4 23. Kb2 a6) 21... Ra4 22. Bxg6 fxg6 23. Nd3 Qxd2+ 24. Kxd2 Bd7) 19. bxc3 Qxd2+ 20. Kxd2 Rxe4 21. Bd3 Re7 22. Bxg6 fxg6 23. f4 gxf4 24. Rxf4 Rf7 $6 (24... Bd7 25. Rhf1 Rae8 26. Nc2 Re2+ 27. Kc1 Rh2 28. Nd4 Rxh3 29. Kc2 g5 30. Rf7 Bxg4 31. R1f6 c5 32. Ne6 Be2 33. Nc7 (33. Rg7+ Kh8 34. Rgg6 Bd3+)) 25. Rxf7 Kxf7 26. Rf1+ Kg7 27. c5 $1 Bd7 (27... b6 28. cxd6) (27... dxc5 28. Nd3 c6 29. c4 cxd5 30. cxd5 Bd7 31. Nxc5 Rd8) 28. cxd6 cxd6 29. Rf4 Rc8 30. Nf3 $6 (30. Nd3) 30... Rc5 31. Kc2 $4 (31. c4 b5 32. Kc3 bxc4 33. Re4 (33. Rxc4 Rxd5 34. Rc7 Rc5+ 35. Rxc5 dxc5 36. Kc4 Bc6 (36... Be6+ 37. Kxc5 Bxa2) 37. Ne5 Be4) 33... Kf7 34. Rxc4 Rxc4+ (34... Rxd5 35. Rc7 Rc5+ 36. Rxc5 dxc5 37. Ne5+ Ke6 38. Nxg6) 35. Kxc4 Kf6) 31... Rxd5 32. Nd4 Re5 33. Nf3 Re2+ 34. Nd2 Rh2 35. Rf3 Bc6 36. Rg3 Kf6 37. Kd3 Kg5 (37... Bg2 38. h4 Rh3 39. Rxh3 Bxh3 40. g5+ hxg5 41. Ne4+ Kf5 42. Nxg5 Kg4 43. Nf7 Kxh4 44. Nxd6 Bg2) 38. Re3 Bb5+ $2 (38... Kh4 39. Re6 Rxh3+ 40. Kc2 Kg5 41. Ne4+ (41. Rxd6 Rg3 42. Nc4 Be4+ 43. Kd2 Rxg4 44. Ne5 Rg2+ 45. Ke3 Kf5 46. Rd4 (46. Nxg6)) 41... Bxe4+ 42. Rxe4 Rf3 43. Ra4 Rf2+) 39. c4 Bc6 40. Re6 $6 (40. Ne4+ Bxe4+ 41. Kxe4 Rxa2) 40... Rxh3+ 41. Kd4 Rh4 42. Rxd6 Rxg4+ 43. Kc5 Rg2 (43... Rg1 $4 44. Rxc6) 44. Rxc6 bxc6 45. Kxc6 Rxd2 0-1